000 00824nam a2200265 a 4500
001 BRCA_5150
005 20190320204948.0
008 221110s1940----sp-a######---#000-0#spa-#
041 _aspa
044 _asp
050 4 _aNA5811
_b.M66 9 1940
100 1 _aGudiol Ricart, J.
_913168
245 1 0 _aLa Catedral de Toledo
_cpor J. Gudiol Ricart.
260 _aMadrid
_bPlus-Ultra
_c[1940?]
300 _a162 p.
_bil.
_c22 cm.
440 0 _aLos monumentos cardinales de España
_v2
_913169
500 _aVer también C24, E2, E3, E18, E19, E20, E21, E22, E23, E25, E26, E27
500 _aE24
504 _aIncluye referencias bibliográficas
650 1 4 _aArquitectura religiosa
_zEspaña
_97863
650 1 4 _aCatedrales
_zEspaña
_913170
651 4 _aToledo, España
_xCatedral
_913171
902 _aGFM
942 _2lcc
_cB
999 _c4844
_d4844